Vplyv vody na elektrické vlastnosti papiera pri teplotách nad 100 stupňov C : Kand.diz.práca : V.odb. 26-01-9 : Obh. 05.03.1964 /

Na minha lista:
Detalhes bibliográficos
Autor principal: Tichý, Vladimír (Author)
Formato: Manuscrito Livro
Publicado em: Bratislava : SVŠT v Bratislave EF, 1963
Assuntos:
Tags: Adicionar Tag
Sem tags, seja o primeiro a adicionar uma tag!

MARC

LEADER 00000ntm a22000003a 4500
001 stu5629
005 20150617225807.7
008 ------s1963----------------------------d
040 |a STU  |b slo 
041 0
100 1 |a Tichý, Vladimír  |4 aut 
245 1 |a Vplyv vody na elektrické vlastnosti papiera pri teplotách nad 100 stupňov C :  |b Kand.diz.práca : V.odb. 26-01-9 : Obh. 05.03.1964 /  |c [aut.] Tichý,Vladimír, Ing 
260 |a Bratislava :  |b SVŠT v Bratislave EF,  |c 1963 
300 |a 96 s 
650 7 |a elektrotechnológia  |2 stusub 
996 |b 284ED00815  |c E*KDIZ-33  |l EE01  |s A  |a 24  |w stu5629_0001